• 首页
  • 本馆介绍
  • 公告通知
  • 最新文献
  • 馆藏检索
  • 电子资源
  • 读者导购
  • 参考咨询
  • 我的图书馆
  • 登录
  • 详细信息显示
  • 放入我的书架
  • 预约/预借图书
  • 作者相关作品
  • 分类相关作品
  • 丛书相关作品
  • 出版社相关作品

书目信息

  • 表格格式
  • 工作单格式
  • 卡片格式
题名:
高校声乐教学民族化探索
    
 
作者: 林梅 著
分册:  
出版信息: 北京   北京工业大学出版社  2021.4
页数: 227页
开本: 24cm
丛书名: 山东省社会科学规划研究项目文丛
单 册:
中图分类: J616.22
科图分类:
主题词: 高等学校--民族声乐--音乐教育--民族化(文艺)--研究--中国
电子资源:
ISBN: 978-7-5639-6844-2
000 01018nam0 2200277 45
001 012001000558
005 20130909092627.0
010    @a978-7-5639-6844-2@dCNY74.00
100    @a20200918d2019 em y0chiy0110 ea
101 0  @achi
102    @aCN@b110000
105    @aag z 000yy
106    @ar
200 1  @a高校声乐教学民族化探索@Agao xiao sheng yue jiao xue min zu hua tan suo@f林梅著
210    @a北京@c北京工业大学出版社@d2021.4
215    @a227页@c图@d24cm
225 2  @a山东省社会科学规划研究项目文丛@i一般项目
300    @a项目名称:高等艺术院校声乐教学曲目民族化研究
330    @a本书共五章,内容包括:民族声乐艺术理论基础、民族声乐语言技巧、民族声乐的表演与处理、民族声乐的多样性、高等艺术院校声乐教学曲目民族化。
461  0 @12001 @a山东省社会科学规划研究项目文丛
462  0 @12001 @a一般项目
606 0  @a高等学校@x民族声乐@x音乐教育@x民族化(文艺)@x研究@y中国
690    @aJ616.22@v5
701  0 @a林梅@Alin mei@4著
801    @aCN@b江苏凤凰@c20211018
905    @b1340120-3@dJ616.22@e1246@f4
    
    高校声乐教学民族化探索/林梅著.-北京:北京工业大学出版社,2021.4
    227页:图;24cm.-(山东省社会科学规划研究项目文丛.一般项目)
    项目名称:高等艺术院校声乐教学曲目民族化研究
    
    ISBN 978-7-5639-6844-2:CNY74.00
    本书共五章,内容包括:民族声乐艺术理论基础、民族声乐语言技巧、民族声乐的表演与处理、民族声乐的多样性、高等艺术院校声乐教学曲目民族化。
●
相关链接 在E读中查询图书 在五车中查询图书 在当当中查询图书 在豆瓣中查询图书


正题名:高校声乐教学民族化探索     索取号:J616.22/1246         预约/预借

序号 登录号 条形码 馆藏地/架位号 状态 备注
1 1340120   213401200   第一样本阅览室/ [索取号:J616.22/1246] 在馆    
2 1340121   213401219   第一借阅区/ [索取号:J616.22/1246] 在馆    
3 1340122   213401228   第一借阅区/ [索取号:J616.22/1246] 在馆    
4 1340123   213401237   第一借阅区/ [索取号:J616.22/1246] 在馆    
唐山师范学院图书馆 欢迎您!
大连网信软件有限公司© 版权所有